00518 2200205 4500001002100000008004100021035002000062245006700082100002500149250000600174260003500180300001300215084001400228082000800242650001400250990001200264990001200276990001200288990001200300INLIS000000000000522 ind  a0010-0424000498 aKamus Umum Bahasa Indonesia Edisi KetigacW.J.S. Poerwadarmita aW.J.S. Poerwadarmita a1 aJakarta :bBalai Pustakac2014 a1372 hlm a413 POE k a413 aReferensi a0722116 a0722117 a0722118 a0722119